|
|
|
|
| LEADER |
00000nam a2200000Ii 4500 |
| 001 |
DIGVIETO061 |
| 003 |
NyNyDIG |
| 007 |
cr ||||||||||| |
| 008 |
211116s2010 sp ob 000 0 spa d |
| 006 |
m o d |
| 035 |
|
|
|a (OCoLC)1287828368
|
| 040 |
|
|
|a DGITA
|b eng
|e rda
|e pn
|c DGITA
|
| 020 |
|
|
|z 9788492616695
|
| 043 |
|
|
|a n-us---
|
| 050 |
1 |
4 |
|a HB3722 ebook
|
| 082 |
1 |
4 |
|a 330.9730931
|
| 100 |
1 |
|
|a Velasco, Luis de,
|e author.
|
| 245 |
1 |
0 |
|a No son sólo algunas manzanas podridas :
|b sobre las causas últimas de la crisis financiera en EEUU /
|c Luis de Velasco.
|
| 264 |
|
1 |
|a [Barcelona, Spain] :
|b El Viejo Topo,
|c [2010]
|
| 300 |
|
|
|a 1 online resource.
|
| 336 |
|
|
|a text
|b txt
|2 rdacontent
|
| 337 |
|
|
|a computer
|b c
|2 rdamedia
|
| 338 |
|
|
|a online resource
|b cr
|2 rdacarrier
|
| 347 |
|
|
|a text file
|2 rdaft
|
| 347 |
|
|
|b PDF
|
| 504 |
|
|
|a Includes bibliographical references.
|
| 588 |
0 |
|
|a Online resource; title from PDF title page (Digitalia, viewed November 16, 2021)
|
| 650 |
|
0 |
|a Financial crises
|z United States.
|
| 651 |
|
0 |
|a United States
|x Economic conditions
|y 21st century.
|
| 655 |
|
0 |
|a Electronic books.
|
| 791 |
2 |
|
|a Digitalia (Firm),
|e distributor.
|
| 793 |
0 |
|
|g Digitalia eBook Collection:
|a El Viejo Topo
|
| 776 |
0 |
8 |
|i Print version:
|a Velasco, Luis de.
|t No son sólo algunas manzanas podridas.
|d [Barcelona, Spain] : El Viejo Topo, [2010]
|z 9788492616695
|
| 856 |
4 |
0 |
|3 Digitalia Hispánica
|u https://www.digitaliapublishing.com/a/57809/
|
| 910 |
|
|
|a Premium collection: 2021
|